[Event "Tata Steel India blitz (Women)"]
[Site "Kolkata"]
[Date "2023.09.04"]
[Round "17"]
[White "Koneru, Humpy"]
[Black "Ushenina, Anna"]
[Result "1/2-1/2"]
[WhiteElo "2553"]
[BlackElo "2434"]
[PlyCount "101"]
[EventDate "2023.09.03"]
[EventType "tourn (blitz)"]
[EventRounds "18"]
[EventCountry "IND"]
[EventCategory "9"]
[SourceTitle "EXT 2024"]
[Source "ChessBase"]
[SourceDate "2023.10.10"]
[SourceVersion "1"]
[SourceVersionDate "2023.10.10"]
[SourceQuality "1"]

1. d4 d5 2. Nf3 e6 3. e3 Nf6 4. Bd3 b6 5. 0-0 Bb7 6. b3 Nbd7 7. Bb2 Bd6 8. Nbd2 0-0 9. c4 Qe7 10. Ne5 Ne4 11. Nxd7 Qxd7 12. Nf3 Qe7 13. Rc1 f5 14. Ne5 Bxe5 15. dxe5 dxc4 16. bxc4 Rfd8 17. Qe2 Nc5 18. Bc2 Qg5 19. f3 Rd7 20. Rfd1 Rad8 21. Ba3 Rxd1+ 22. Rxd1 Rxd1+ 23. Bxd1 Qd8 24. Bxc5 bxc5 25. Bc2 Bc6 26. Qd1 Qb8 27. Bb3 h6 28. Kf2 a5 29. h3 h5 30. h4 Kf7 31. Kg3 Ke7 32. Kf2 Qb4 33. Kg3 a4 34. Bc2 Qxc4 35. Qb1 Qc3 36. Bd3 Qxe5+ 37. Kf2 Qc3 38. Bb5 Bd5 39. Bxa4 Qd2+ 40. Kg3 Qxe3 41. Qb5 Qe5+ 42. Kh3 Qd6 43. Qe8+ Kf6 44. Qxh5 c4 45. Qg5+ Kf7 46. Qh5+ Kf6 47. Qg5+ Kf7 48. Qh5+ Kf6 49. Qg5+ Kf7 50. Qh5+ Kf6 51. Qg5+ 1/2-1/2

[Event "Tata Steel India rapid (Women)"]
[Site "Kolkata"]
[Date "2023.09.02"]
[Round "9"]
[White "Koneru, Humpy"]
[Black "Divya, Deshmukh"]
[Result "0-1"]
[WhiteElo "2553"]
[BlackElo "2372"]
[PlyCount "102"]
[EventDate "2023.08.31"]
[EventType "tourn (rapid)"]
[EventRounds "9"]
[EventCountry "IND"]
[EventCategory "9"]
[SourceTitle "EXT 2024"]
[Source "ChessBase"]
[SourceDate "2023.10.10"]
[SourceVersion "1"]
[SourceVersionDate "2023.10.10"]
[SourceQuality "1"]

1. d4 Nf6 2. c4 e6 3. Nf3 b6 4. g3 Ba6 5. Nbd2 c5 6. Bg2 Nc6 7. dxc5 bxc5 8. 0-0 Be7 9. b3 0-0 10. Bb2 d5 11. cxd5 exd5 12. Rc1 Qb6 13. Re1 Ne4 14. Ne5 Nxe5 15. Bxe5 Rad8 16. Qc2 f5 17. e3 Qe6 18. Bb2 Rc8 19. Nf3 Rfd8 20. Qb1 Bf6 21. Qa1 Kf7 22. Ne5+ Kg8 23. Nf3 Kf7 24. h4 h6 25. Ne5+ Kg8 26. Nf3 Kf7 27. Ne5+ Kg8 28. Nf3 Bxb2 29. Qxb2 g5 30. Red1 Kh7 31. hxg5 hxg5 32. Qe5 Qxe5 33. Nxe5 Kg7 34. Rc2 Kf6 35. Nf3 g4 36. Ne1 c4 37. Bf1 Ke5 38. Rdc1 Ng5 39. Be2 cxb3 40. Rxc8 Rxc8 41. Rxc8 bxa2 42. Re8+ Kd6 43. Nc2 Bxe2 44. Ra8 Nf3+ 45. Kh1 Ne1 46. Na1 a6 47. Rc8 Bd3 48. Rc1 Nc2 49. Rxc2 Bxc2 50. Nxc2 Kc5 51. Kg2 Kc4 0-1

[Event "Tata Steel India rapid (Women)"]
[Site "Kolkata"]
[Date "2023.09.02"]
[Round "7"]
[White "Koneru, Humpy"]
[Black "Savitha Shri, B."]
[Result "1-0"]
[WhiteElo "2553"]
[BlackElo "2375"]
[PlyCount "83"]
[EventDate "2023.08.31"]
[EventType "tourn (rapid)"]
[EventRounds "9"]
[EventCountry "IND"]
[EventCategory "9"]
[SourceTitle "EXT 2024"]
[Source "ChessBase"]
[SourceDate "2023.10.10"]
[SourceVersion "1"]
[SourceVersionDate "2023.10.10"]
[SourceQuality "1"]

1. d4 Nf6 2. c4 g6 3. g3 c5 4. dxc5 Qa5+ 5. Nc3 Bg7 6. Bg2 Qxc5 7. Bd2 0-0 8. b3 d6 9. h3 Nbd7 10. e4 a6 11. Nge2 Qc7 12. 0-0 Rb8 13. Rc1 Qd8 14. Be3 b6 15. a4 Bb7 16. Nd4 e6 17. Qc2 Qe7 18. Rfd1 Rbc8 19. Qb1 Rfd8 20. Nde2 h5 21. Bg5 Rc5 22. h4 Kh7 23. Qd3 Ne5 24. Qd2 Rcc8 25. Qf4 Neg4 26. Bh3 Nh6 27. Rd2 Rc6 28. Rcd1 Bc8 29. e5 dxe5 30. Qxe5 Rxd2 31. Rxd2 Rc5 32. Qe3 Nhg8 33. Ne4 Rc7 34. Qxb6 Bb7 35. N2c3 Rd7 36. Rxd7 Qxd7 37. Nc5 Qd4 38. Qxb7 Qxc3 39. Qxf7 Qa1+ 40. Kg2 Qd4 41. Nxe6 Qe4+ 42. Kh2 1-0

[Event "Tata Steel India rapid (Women)"]
[Site "Kolkata"]
[Date "2023.09.02"]
[Round "8"]
[White "Ushenina, Anna"]
[Black "Koneru, Humpy"]
[Result "0-1"]
[WhiteElo "2434"]
[BlackElo "2553"]
[PlyCount "72"]
[EventDate "2023.08.31"]
[EventType "tourn (rapid)"]
[EventRounds "9"]
[EventCountry "IND"]
[EventCategory "9"]
[SourceTitle "EXT 2024"]
[Source "ChessBase"]
[SourceDate "2023.10.10"]
[SourceVersion "1"]
[SourceVersionDate "2023.10.10"]
[SourceQuality "1"]

1. d4 Nf6 2. c4 e6 3. Nf3 d5 4. g3 dxc4 5. Bg2 Nbd7 6. 0-0 Rb8 7. a4 a6 8. a5 Bb4 9. Qc2 0-0 10. Qxc4 Bd6 11. Nc3 b5 12. axb6 cxb6 13. Rd1 b5 14. Qb3 b4 15. Na4 Bb7 16. Nd2 Bxg2 17. Kxg2 Qc7 18. Nc4 Rbc8 19. Ne3 a5 20. Bd2 Qb7+ 21. f3 Qa6 22. Kf2 e5 23. d5 e4 24. Rac1 exf3 25. exf3 Ne5 26. Rxc8 Rxc8 27. Be1 h5 28. Nf5 Nfg4+ 29. fxg4 Nxg4+ 30. Kf3 Qf1+ 31. Ke4 Qe2+ 32. Ne3 Re8+ 33. Kd4 Nxe3 34. Rd3 Nf5+ 35. Kc4 Rc8+ 36. Kb5 Nd4+ 0-1

[Event "Tata Steel India rapid (Women)"]
[Site "Kolkata"]
[Date "2023.09.01"]
[Round "4"]
[White "Shuvalova, Polina"]
[Black "Koneru, Humpy"]
[Result "1-0"]
[WhiteElo "2496"]
[BlackElo "2553"]
[PlyCount "139"]
[EventDate "2023.08.31"]
[EventType "tourn (rapid)"]
[EventRounds "9"]
[EventCountry "IND"]
[EventCategory "9"]
[SourceTitle "EXT 2024"]
[Source "ChessBase"]
[SourceDate "2023.10.10"]
[SourceVersion "1"]
[SourceVersionDate "2023.10.10"]
[SourceQuality "1"]

1. e4 e5 2. Nc3 Nf6 3. d4 exd4 4. Qxd4 Nc6 5. Qd3 Bb4 6. Bd2 0-0 7. 0-0-0 Re8 8. Nge2 d6 9. Bg5 h6 10. Bxf6 Qxf6 11. Nd5 Qd8 12. Nxb4 Nxb4 13. Qd2 Na6 14. f3 Nc5 15. Nf4 Ne6 16. Nd5 Bd7 17. h4 Bc6 18. Ne3 Qf6 19. Bc4 Qf4 20. Rdf1 b5 21. Bd5 Bxd5 22. Nxd5 Qxd2+ 23. Kxd2 c6 24. Ne3 Rad8 25. Rd1 d5 26. exd5 cxd5 27. Rhe1 d4 28. Ng4 Nf4 29. g3 Nh5 30. Ne5 Nxg3 31. Nc6 Rxe1 32. Rxe1 Rd7 33. Re8+ Kh7 34. Ra8 Nf5 35. h5 Rc7 36. Nxa7 Ne3 37. Nxb5 Rxc2+ 38. Kd3 Rxb2 39. Nd6 g6 40. Nxf7 gxh5 41. Kxd4 Re2 42. Kd3 Re1 43. Re8 Ng2 44. Rxe1 Nxe1+ 45. Ke2 Nc2 46. a4 Nb4 47. a5 Kg6 48. Ne5+ Kf5 49. Nd3 Na6 50. Kf2 Ke6 51. Kg3 Kd5 52. f4 Ke4 53. Nf2+ Kf5 54. Nh3 Nc7 55. Kh4 Kg6 56. Ng1 Kf5 57. Ne2 Kg6 58. Ng3 Nb5 59. a6 Na7 60. f5+ Kf6 61. Kxh5 Nc6 62. Kxh6 Na7 63. Kh5 Nc6 64. Kg4 Ke5 65. Kg5 Kd6 66. f6 Kc7 67. Ne4 Kb6 68. Nc5 Ne5 69. Kf5 Nc4 70. Ke4 1-0

[Event "FIDE World Cup (Women)"]
[Site "Baku"]
[Date "2023.08.11"]
[Round "4.3"]
[White "Khotenashvili, Bela"]
[Black "Koneru, Humpy"]
[Result "1-0"]
[WhiteElo "2475"]
[BlackElo "2553"]
[PlyCount "107"]
[EventDate "2023.07.30"]
[EventType "k.o."]
[EventRounds "7"]
[EventCountry "AZE"]
[SourceTitle "EXT 2024"]
[Source "ChessBase"]
[SourceDate "2023.10.10"]
[SourceVersion "1"]
[SourceVersionDate "2023.10.10"]
[SourceQuality "1"]

1. Nf3 d5 2. g3 g6 3. Bg2 Bg7 4. d4 Nf6 5. 0-0 0-0 6. c3 a5 7. a4 c6 8. Nbd2 Bf5 9. Re1 Qc8 10. Qb3 Na6 11. Ne5 c5 12. e3 Qc7 13. Qb5 Rfd8 14. Qe2 Nb8 15. g4 Be6 16. f4 Nc6 17. h3 Nd7 18. Nd3 f6 19. Nf1 Bf7 20. f5 e5 21. fxe6 Bxe6 22. Nf4 Bf7 23. Nxd5 Qd6 24. Nf4 Re8 25. Qf2 Nb6 26. Nd3 cxd4 27. exd4 Rxe1 28. Qxe1 Re8 29. Qf2 Bd5 30. Bf4 Qd8 31. Nc5 Bxg2 32. Qxg2 Nd5 33. Nxb7 Qd7 34. Nc5 Qf7 35. Bg3 f5 36. Re1 Rxe1 37. Bxe1 fxg4 38. Qxg4 h5 39. Qc8+ Kh7 40. Qxc6 Qf3 41. Ne6 Bh6 42. Bf2 Qf5 43. Ng3 Qf3 44. c4 Qd1+ 45. Kg2 h4 46. Qxd5 hxg3 47. Qd7+ Kg8 48. Qe8+ Kh7 49. Qf7+ Kh8 50. Bxg3 Qe2+ 51. Bf2 Qe4+ 52. Kg3 Qd3+ 53. Qf3 Qxc4 54. d5 1-0

[Event "FIDE World Cup (Women)"]
[Site "Baku"]
[Date "2023.08.10"]
[Round "4.2"]
[White "Khotenashvili, Bela"]
[Black "Koneru, Humpy"]
[Result "0-1"]
[WhiteElo "2475"]
[BlackElo "2553"]
[PlyCount "84"]
[EventDate "2023.07.30"]
[EventType "k.o."]
[EventRounds "7"]
[EventCountry "AZE"]
[SourceTitle "EXT 2024"]
[Source "ChessBase"]
[SourceDate "2023.10.10"]
[SourceVersion "1"]
[SourceVersionDate "2023.10.10"]
[SourceQuality "1"]

1. d4 e6 2. e4 b6 3. Bd3 Bb7 4. Nf3 d6 5. c4 Nd7 6. Nc3 Ne7 7. a3 g6 8. Be3 Bg7 9. Qd2 h6 10. d5 e5 11. g4 a5 12. Bc2 Ba6 13. b3 Nf6 14. h3 Qd7 15. Ng1 b5 16. Nge2 0-0 17. cxb5 Bxb5 18. Bxh6 Bxh6 19. Qxh6 Bxe2 20. Nxe2 c6 21. Ng3 cxd5 22. g5 Nh7 23. exd5 Qc7 24. Rc1 Qc3+ 25. Ke2 Nxd5 26. Rhd1 Nf4+ 27. Kf1 Qf3 28. Be4 Qxb3 29. Bxa8 Rxa8 30. Rxd6 Qf3 31. Rcd1 Rf8 32. Rd8 e4 33. Rxf8+ Nxf8 34. Rd8 N4e6 35. Rd2 Nf4 36. Rd8 Qg2+ 37. Ke1 Qg1+ 38. Nf1 Nd3+ 39. Kd2 Qxf2+ 40. Kc3 Qc5+ 41. Kd2 Qc1+ 42. Ke2 Qe1# 0-1

[Event "FIDE World Cup (Women)"]
[Site "Baku"]
[Date "2023.08.06"]
[Round "3.2"]
[White "Koneru, Humpy"]
[Black "Badelka, Olga"]
[Result "1-0"]
[WhiteElo "2553"]
[BlackElo "2397"]
[PlyCount "107"]
[EventDate "2023.07.30"]
[EventType "k.o."]
[EventRounds "7"]
[EventCountry "AZE"]
[SourceTitle "EXT 2024"]
[Source "ChessBase"]
[SourceDate "2023.10.10"]
[SourceVersion "1"]
[SourceVersionDate "2023.10.10"]
[SourceQuality "1"]

1. d4 Nf6 2. Bg5 d5 3. e3 Nbd7 4. Nf3 e6 5. Nbd2 Be7 6. Bd3 b6 7. 0-0 Bb7 8. c4 h6 9. Bh4 0-0 10. cxd5 Nxd5 11. Bxe7 Qxe7 12. Rc1 c5 13. Bb5 N5f6 14. Qe2 e5 15. dxc5 Nxc5 16. b4 Nce4 17. Nxe4 Nxe4 18. Qb2 Nd6 19. Bc6 e4 20. Qe5 Qxe5 21. Nxe5 Bxc6 22. Nxc6 b5 23. Rc5 a6 24. Rd1 Nc4 25. g4 Rfe8 26. Kg2 Kf8 27. Rd7 Re6 28. Nd4 Rd6 29. Rdc7 Nb6 30. Nf5 Rd7 31. R7c6 Nc4 32. Rxa6 Rad8 33. a4 Rd2 34. axb5 Nb2 35. Ra2 g6 36. Ng3 Nc4 37. Rxd2 Nxd2 38. b6 Rb8 39. Rd5 Nc4 40. Nxe4 Rxb6 41. b5 Ke7 42. Rc5 Na3 43. Nc3 Kd6 44. Rd5+ Ke6 45. f4 Nc4 46. Kf3 Nd6 47. e4 Rb8 48. f5+ gxf5 49. gxf5+ Ke7 50. Rc5 Ra8 51. Kf4 Ra1 52. Ke5 f6+ 53. Kd5 Kd7 54. b6 1-0